| 000 | 00000nam 2200000za 4500 |
| 001 | 9.821796 |
| 003 | CaOODSP |
| 005 | 20250910142445 |
| 007 | cr ||||||||||| |
| 008 | 160729s2015 onca|||| f000 0 fre d |
| 040 | |aCaOODSP|bfre |
| 043 | |an-cn--- |
| 086 | 1 |aD2-511/2015F-PDF |
| 245 | 00|aVous n'êtes pas seul |h[ressource électronique] : |baider les familles des militaires à accéder aux programmes de santé mentale et de bien-être social / |cServices aux famillies des militaires. |
| 260 | |a[Ottawa] : |bDéfence nationale, |cc2014. |
| 300 | |a65 p. : |bill. (en coul.). |
| 500 | |a« Vous n'êtes pas seul - Il suffit d'un appel pour retrouver la paix d'esprit». |
| 500 | |aPublié aussi en anglais sous le titre : You are not alone - connecting military families to mental health and social wellness programs. |
| 692 | 07|2gccst|aProgrammes sociaux |
| 692 | 07|2gccst|aPersonnel militaire |
| 692 | 07|2gccst|aSanté mentale |
| 710 | 1 |aCanada. |bMinistère de la défense nationale. |
| 775 | 08|tYou are not alone |w(CaOODSP)9.821793 |
| 856 | 40|qPDF|s7.01 Mo|uhttps://publications.gc.ca/collections/collection_2016/mdn-dnd/D2-511-2015-fra.pdf |